[Event "29th Avoine Open 2014"]
[Site "Avoine FRA"]
[Date "2014.07.25"]
[Round "7.2"]
[White "Bon, Michael"]
[Black "Castellanos Rodriguez, Renier"]
[Result "0-1"]
[WhiteTitle "FM"]
[BlackTitle "IM"]
[WhiteElo "2353"]
[BlackElo "2479"]
[WhiteFideId "620696"]
[BlackFideId "3404650"]
[EventDate "2014.07.19"]

1. e4 c5 2. Nf3 e6 3. d4 cxd4 4. Nxd4 a6 5. Nc3 Qc7 6. Bd3 Nf6 7. O-O d6 8. Kh1
Nbd7 9. f4 Be7 10. Qe1 b5 11. b4 Bb7 12. a4 bxa4 13. Nxa4 O-O 14. c4 Rfe8 15.
Bb2 Rac8 16. Nf3 g6 17. Ng5 Nh5 18. Qe3 Bf8 19. Qh3 Qd8 20. Rf3 Bg7 21. Raf1
Bxb2 22. Nxb2 h6 23. g4 hxg5 24. gxh5 g4 25. Qxg4 Nf6 26. Qh3 Nxe4 27. hxg6 fxg6
28. Qh6 Qf6 29. Rg1 Nf2+ 30. Kg2 Nxd3 31. Kf1 Ne5 32. Rf2 Rf8 33. Nd1 Be4 34.
fxe5 Bd3+ 35. Ke1 Qxe5+ 36. Kd2 Rxf2+ 37. Nxf2 Qe2+ 38. Kc3 Rxc4+ 39. Kb3 Qc2+
40. Ka3 Rc3# 0-1

[Event "29th Avoine Open 2014"]
[Site "Avoine FRA"]
[Date "2014.07.25"]
[Round "7.3"]
[White "Filip, Lucian"]
[Black "Doluhanova, Evgeniya"]
[Result "1-0"]
[WhiteTitle "IM"]
[BlackTitle "WGM"]
[WhiteElo "2458"]
[BlackElo "2334"]
[WhiteFideId "1208900"]
[BlackFideId "14112035"]
[EventDate "2014.07.19"]

1. Nf3 Nf6 2. c4 e6 3. g3 d5 4. Bg2 d4 5. O-O c5 6. e3 Nc6 7. exd4 Nxd4 8. Nxd4
Qxd4 9. d3 Be7 10. Nc3 O-O 11. Be3 Qd8 12. d4 cxd4 13. Qxd4 Nd7 14. Rfd1 Bf6 15.
Qd2 Qe7 16. Ne4 Be5 17. Nd6 Bxd6 18. Qxd6 Qf6 19. Bd4 Qg6 20. Bc3 Nf6 21. Qe7 h5
22. Bf1 Nh7 23. Rd8 e5 24. Rad1 Bg4 25. Re8 Bxd1 26. Rxf8+ Nxf8 27. Qxe5 Ne6 28.
h4 Qb1 29. Qe1 Qc2 30. Bg2 Be2 31. Bd5 g5 32. Qd2 Qb1+ 33. Kh2 Qf1 34. Qe3 g4
35. Bg2 Qd1 36. Qh6 1-0

[Event "29th Avoine Open 2014"]
[Site "Avoine FRA"]
[Date "2014.07.25"]
[Round "7.4"]
[White "Belenkaya, Dina"]
[Black "Vedmediuc, Serghei"]
[Result "1-0"]
[WhiteTitle "WFM"]
[BlackTitle "IM"]
[WhiteElo "2223"]
[BlackElo "2430"]
[WhiteFideId "24142654"]
[BlackFideId "13900790"]
[EventDate "2014.07.19"]

1. e4 c5 2. Nf3 Nc6 3. Bb5 e6 4. O-O Nge7 5. d4 cxd4 6. Nxd4 Qc7 7. Be3 a6 8.
Be2 d6 9. c4 Nxd4 10. Qxd4 Nc6 11. Qc3 b6 12. Rd1 Rb8 13. b4 f6 14. Na3 Ne5 15.
f4 Nf7 16. Nc2 Be7 17. Nd4 O-O 18. Bg4 f5 19. Bf3 fxe4 20. Bxe4 Bd7 21. Qd3 h6
22. Bf3 e5 23. Nf5 Bxf5 24. Qxf5 exf4 25. Bxf4 Kh8 26. Qg6 Ng5 27. Bxg5 Bxg5 28.
Be4 Kg8 29. Qh7+ Kf7 30. Bg6+ Kf6 31. Rf1+ Ke5 32. Bd3 d5 33. Rf5+ Rxf5 34.
Qxf5+ Kd4 35. Qxd5+ Kc3 36. c5 Qf4 37. Bxa6 Qe3+ 38. Kh1 Kxb4 39. Rb1+ Ka5 40.
Qc4 1-0

[Event "29th Avoine Open 2014"]
[Site "Avoine FRA"]
[Date "2014.07.25"]
[Round "7.5"]
[White "Colin, Vincent"]
[Black "Ollier, Milan"]
[Result "1-0"]
[WhiteTitle "IM"]
[WhiteElo "2435"]
[BlackElo "2205"]
[WhiteFideId "612324"]
[BlackFideId "664774"]
[EventDate "2014.07.19"]

1. d4 Nf6 2. Nf3 g6 3. c4 Bg7 4. Nc3 d5 5. Bg5 Ne4 6. Bh4 Nxc3 7. bxc3 dxc4 8.
e3 Be6 9. Qb1 Qd5 10. Nd2 Nd7 11. Be2 Qxg2 12. Bf3 Qh3 13. Bg3 c5 14. Qxb7 O-O
15. Bg2 Qh5 16. O-O Bh3 17. Nxc4 Bxg2 18. Kxg2 Nf6 19. Ne5 cxd4 20. cxd4 Rab8
21. Qxa7 Ne4 22. Qxe7 Rbe8 23. Qh4 Nxg3 24. Qxh5 gxh5 25. hxg3 Bxe5 26. dxe5
Rxe5 27. Rfd1 Ra8 28. a4 Rea5 29. Rd4 Kg7 30. Kf3 R8a6 31. Ke2 Rb6 32. Ra2 Rf6
33. Kd3 Rc6 34. Rc4 Rb6 35. Kc3 Kg6 36. Rb4 Rc6+ 37. Kb3 Rcc5 38. Rd2 Rc1 39.
Rd6+ Kg7 40. Rf4 Rb1+ 41. Ka2 Rb7 42. Rd2 Kg6 43. Rb2 Rba7 44. Rb6+ Kg7 45. Kb3
Rd5 46. Rd4 Rf5 47. Rd2 f6 48. Rb5 Kg6 49. Rxf5 Kxf5 50. Rd4 Rc7 51. a5 1-0

[Event "29th Avoine Open 2014"]
[Site "Avoine FRA"]
[Date "2014.07.25"]
[Round "7.6"]
[White "Vavric, Pavel"]
[Black "Sochacki, Christophe"]
[Result "1/2-1/2"]
[WhiteTitle "FM"]
[BlackTitle "IM"]
[WhiteElo "2235"]
[BlackElo "2449"]
[WhiteFideId "13902032"]
[BlackFideId "662569"]
[EventDate "2014.07.19"]

1. e4 e6 2. d4 d5 3. Nd2 h6 4. Ngf3 Nf6 5. Bd3 c5 6. exd5 exd5 7. Qe2+ Be7 8.
dxc5 O-O 9. O-O Re8 10. Nb3 Bxc5 11. Qd1 Bb6 12. Nbd4 Nc6 13. c3 Bg4 14. h3 Bxf3
15. Nxf3 Ne4 16. Bf4 Rc8 17. Bh2 f5 18. Rc1 Qf6 19. Bb5 Rcd8 20. Nd4 f4 21. Bxc6
bxc6 22. f3 c5 23. fxe4 cxd4 24. Rxf4 dxc3+ 25. Kh1 dxe4 26. Rxf6 Rxd1+ 27. Rxd1
gxf6 28. bxc3 e3 29. Bg1 f5 30. g3 e2 31. Re1 Ba5 32. Bd4 Re4 33. Bf6 Kf7 34.
Bh8 Ke6 35. Kg2 Bb6 36. Bd4 Bxd4 37. cxd4 Kd5 38. Kf3 Kxd4 39. Rxe2 Rxe2 40.
Kxe2 Ke4 41. Kf2 a5 42. a4 Kd4 43. Kf3 Kc4 44. Kf4 Kb4 45. Kxf5 Kxa4 46. g4 Kb5
47. h4 a4 48. g5 hxg5 49. hxg5 1/2-1/2

[Event "29th Avoine Open 2014"]
[Site "Avoine FRA"]
[Date "2014.07.25"]
[Round "7.7"]
[White "Marie, Maxime"]
[Black "Haub, Thorsten Michael"]
[Result "1/2-1/2"]
[WhiteTitle "CM"]
[BlackTitle "IM"]
[WhiteElo "2211"]
[BlackElo "2429"]
[WhiteFideId "625590"]
[BlackFideId "4610776"]
[EventDate "2014.07.19"]

1. e4 g6 2. d4 Bg7 3. Nf3 d6 4. Bc4 a6 5. Bb3 e6 6. Qe2 Nd7 7. c3 Ne7 8. O-O O-O
9. Nbd2 b5 10. Re1 e5 11. Nf1 c5 12. Be3 Qc7 13. Rad1 Nf6 14. Ng3 Bb7 15. Bc1 a5
16. dxe5 dxe5 17. Qxb5 a4 18. Bxf7+ Rxf7 19. Ng5 c4 20. Nxf7 Kxf7 21. Bg5 Ra5 1/2-1/2

[Event "29th Avoine Open 2014"]
[Site "Avoine FRA"]
[Date "2014.07.25"]
[Round "7.8"]
[White "Eden, James"]
[Black "Inkiov, Ventzislav"]
[Result "0-1"]
[BlackTitle "GM"]
[WhiteElo "2207"]
[BlackElo "2428"]
[WhiteFideId "666491"]
[BlackFideId "2900033"]
[EventDate "2014.07.19"]

1. e4 c5 2. c3 e6 3. d4 d5 4. exd5 Qxd5 5. Nf3 Nf6 6. Na3 cxd4 7. Nb5 Na6 8.
Nbxd4 Bc5 9. Bb5+ Bd7 10. Bxd7+ Qxd7 11. O-O O-O 12. Qe2 h6 13. Bf4 Rfd8 14.
Rad1 Qe7 15. Nc6 bxc6 16. Qxa6 Bb6 17. Qa4 Qb7 18. Be5 Nd7 19. Bd6 Bc5 20. b4
Nb6 0-1

[Event "29th Avoine Open 2014"]
[Site "Avoine FRA"]
[Date "2014.07.25"]
[Round "7.9"]
[White "Rodriguez Rodriguez, Antonio"]
[Black "Godart, Francois"]
[Result "0-1"]
[WhiteTitle "FM"]
[BlackTitle "FM"]
[WhiteElo "2186"]
[BlackElo "2399"]
[WhiteFideId "2219255"]
[BlackFideId "208078"]
[EventDate "2014.07.19"]

1. d4 Nf6 2. Bg5 e6 3. Nf3 c5 4. e3 h6 5. Bh4 b6 6. Nc3 Bb7 7. Bxf6 Qxf6 8. d5
a6 9. Be2 b5 10. e4 d6 11. O-O Nd7 12. a4 b4 13. Nb1 exd5 14. exd5 Be7 15. Nbd2
Bxd5 16. Nc4 Bxc4 17. Bxc4 Nb6 18. Be2 Qxb2 19. a5 Nd7 20. Re1 O-O 21. Bc4 Bf6
22. Qxd6 Rfd8 23. Ra2 Qc3 24. Bxf7+ Kxf7 25. Qe6+ Kf8 26. Re3 Ne5 27. Ne1 Rd1
28. Kf1 Qc4+ 0-1

[Event "29th Avoine Open 2014"]
[Site "Avoine FRA"]
[Date "2014.07.25"]
[Round "7.10"]
[White "Petre, Nad-Titus"]
[Black "Aubry, Yannis"]
[Result "0-1"]
[WhiteTitle "IM"]
[WhiteElo "2371"]
[BlackElo "2255"]
[WhiteFideId "1204165"]
[BlackFideId "20642407"]
[EventDate "2014.07.19"]

1. Nf3 Nf6 2. c4 c5 3. g3 d5 4. Bg2 d4 5. b4 cxb4 6. a3 bxa3 7. Bxa3 Nc6 8. d3
g6 9. Nbd2 Bg7 10. O-O Rb8 11. Nb3 b6 12. Bb2 Nh5 13. Ne1 Bb7 14. Nc2 Qd7 15.
Qd2 O-O 16. Rfb1 Rfd8 17. Qe1 Qc7 18. Qf1 e5 19. Nd2 h6 20. Ba3 a5 21. Bc1 Bf8
22. Nf3 Kh7 23. Bd2 Nf6 24. Qc1 Ba8 25. Ra2 Nd7 26. Nh4 Nc5 27. Qf1 Be7 28. Nf3
e4 29. Nfe1 Ne5 30. Bf4 g5 31. Bxe5 Qxe5 32. Na1 f5 33. Nb3 Nxb3 34. Rxb3 Bc5
35. Rb1 Rf8 36. Kh1 Rbd8 37. f3 Rde8 38. Rab2 Kg7 39. Qf2 Kh7 40. Qg1 e3 41. Nc2
f4 42. Bh3 g4 43. Bxg4 Rg8 44. Bh3 fxg3 45. hxg3 Rxg3 46. Qh2 Reg8 47. Rf1 Bd6 0-1

[Event "29th Avoine Open 2014"]
[Site "Avoine FRA"]
[Date "2014.07.25"]
[Round "7.11"]
[White "Burri, Quentin"]
[Black "Bujisho, Benjamin"]
[Result "1/2-1/2"]
[BlackTitle "IM"]
[WhiteElo "2135"]
[BlackElo "2367"]
[WhiteFideId "26028654"]
[BlackFideId "608610"]
[EventDate "2014.07.19"]

1. e4 b6 2. d4 Bb7 3. Nc3 e6 4. a3 Nf6 5. e5 Nd5 6. Nxd5 Bxd5 7. c4 Bb7 8. Nf3
d6 9. Be2 Nd7 10. exd6 cxd6 11. O-O Be7 12. Re1 O-O 13. Bd3 d5 14. b3 Bf6 15.
Rb1 g6 16. Bb2 Rc8 17. Re3 Bg7 18. Nd2 Nb8 19. cxd5 Bxd5 20. Nc4 Nc6 21. Ne5 Rc7
22. Bf1 Qb8 23. Rh3 Rd8 24. Qg4 Nxe5 25. dxe5 Rdc8 26. Qh4 h6 27. Bd4 Rc2 28.
Re1 Rc1 29. Rxc1 Rxc1 30. Be3 Rb1 31. Bxh6 Bxh6 32. Qxh6 Qxe5 33. Qh4 1/2-1/2

[Event "29th Avoine Open 2014"]
[Site "Avoine FRA"]
[Date "2014.07.25"]
[Round "7.12"]
[White "Shirazi, Kamran"]
[Black "Sgircea, Silvia-Raluca"]
[Result "0-1"]
[WhiteTitle "IM"]
[BlackTitle "WIM"]
[WhiteElo "2363"]
[BlackElo "2207"]
[WhiteFideId "2000733"]
[BlackFideId "1213776"]
[EventDate "2014.07.19"]

1. d4 d5 2. Bg5 g6 3. c4 Bg7 4. cxd5 Qxd5 5. Nf3 Qa5+ 6. Nc3 c5 7. d5 Nf6 8. Nd2
h6 9. Nb3 Qc7 10. Bh4 c4 11. Nd2 Bd7 12. e4 b5 13. a4 b4 14. Nb5 Bxb5 15. axb5
c3 16. bxc3 bxc3 17. Nc4 Qf4 18. Bxf6 Qxe4+ 19. Qe2 Qxe2+ 20. Bxe2 Bxf6 21. b6
a6 22. Kd1 O-O 23. Kc2 Nd7 24. Bg4 Nc5 25. Rhb1 h5 26. Bh3 Rfd8 27. g3 Rab8 28.
Bg2 Rd7 29. Ra5 Rc8 30. Bh3 e6 31. dxe6 Nxe6 32. Bxe6 fxe6 33. Ra4 Rd4 34. Rbb4
Re4 35. b7 Rb8 36. Rxa6 Re2+ 37. Kb3 c2 38. Ra8 c1=N+ 39. Ka4 Be5 40. Kb5 Kg7
41. Rxb8 Bxb8 42. Ra4 Rxf2 43. Ra8 Rf8 44. Nb6 Nd3 45. Nd7 Rf5+ 46. Kb6 Bd6 47.
Kc6 Rd5 48. Nb6 Ne5# 0-1

[Event "29th Avoine Open 2014"]
[Site "Avoine FRA"]
[Date "2014.07.25"]
[Round "7.13"]
[White "Kirk, Ezra"]
[Black "Pietrasanta, Jeremy"]
[Result "1-0"]
[WhiteTitle "FM"]
[BlackTitle "FM"]
[WhiteElo "2308"]
[BlackElo "2179"]
[WhiteFideId "600067"]
[BlackFideId "621030"]
[EventDate "2014.07.19"]

1. d4 Nf6 2. c4 e6 3. Nc3 Bb4 4. e3 b6 5. Bd3 Bb7 6. Nf3 Bxc3+ 7. bxc3 d6 8. O-O
Nbd7 9. Qc2 Bxf3 10. gxf3 e5 11. a4 a5 12. Kh1 Qe7 13. Ba3 Rd8 14. c5 dxc5 15.
Rg1 g6 16. Rab1 O-O 17. Bc4 Kg7 18. Rb5 c6 19. Rbb1 Rb8 20. Rg3 Rfd8 21. Qf5 Nd5
22. Bb2 Qf6 23. Qc2 Qd6 24. Bf1 cxd4 25. cxd4 Nb4 26. Qe4 f6 27. Bc4 b5 28. Rbg1
bxc4 29. Rxg6+ Kf7 30. Rg7+ Ke8 31. Qxh7 Rdc8 32. Rxd7 1-0

[Event "29th Avoine Open 2014"]
[Site "Avoine FRA"]
[Date "2014.07.25"]
[Round "7.14"]
[White "Delorme, Alban"]
[Black "Viers, Emmanuel"]
[Result "1/2-1/2"]
[WhiteTitle "FM"]
[WhiteElo "2292"]
[BlackElo "2001"]
[WhiteFideId "623636"]
[BlackFideId "656739"]
[EventDate "2014.07.19"]

1. d4 e6 2. e4 d5 3. Nc3 Bb4 4. e5 Ne7 5. Qg4 Nf5 6. Bd3 h5 7. Qf4 Qh4 8. Ne2
Qxf4 9. Bxf4 Ne7 10. O-O Nd7 11. Nb5 Ba5 12. b4 Bb6 13. a4 a6 14. Na3 a5 15. b5
c5 16. bxc6 bxc6 17. c4 Ba6 18. Rfd1 c5 19. dxc5 Nxc5 20. Nb5 Bxb5 21. cxb5 Nxd3
22. Rxd3 Kd7 23. Be3 Bxe3 24. Rxe3 Nf5 25. Rd3 Rhc8 26. f3 Rc4 27. Kf2 Rac8 28.
Rda3 Kc7 29. g3 Kb6 30. h3 Rc2 31. g4 hxg4 32. hxg4 Rh8 33. gxf5 Rh2+ 34. Kg3
Rcxe2 35. fxe6 1/2-1/2

[Event "29th Avoine Open 2014"]
[Site "Avoine FRA"]
[Date "2014.07.25"]
[Round "7.15"]
[White "Song, Julien"]
[Black "Soyer, Jean-Yves"]
[Result "1-0"]
[WhiteTitle "IM"]
[WhiteElo "2417"]
[BlackElo "2080"]
[WhiteFideId "659487"]
[BlackFideId "609650"]
[EventDate "2014.07.19"]

1. Nf3 Nf6 2. g3 g6 3. Bg2 Bg7 4. O-O O-O 5. d4 d6 6. c4 Nc6 7. Nc3 a6 8. Qd3
Nd7 9. Be3 e5 10. Qd2 Rb8 11. Rac1 Ne7 12. Bg5 f6 13. Bh6 Nf5 14. Bxg7 Nxg7 15.
Rfd1 Qe8 16. e4 c6 17. b4 Nb6 18. c5 dxc5 19. bxc5 exd4 20. Qxd4 Na8 21. e5 f5
22. Qb4 Be6 23. Rd6 Nc7 24. Nd4 Bf7 25. f4 Nge6 26. Nb3 Nb5 27. Rd2 Nxc3 28.
Rxc3 Qe7 29. Rd6 Rfc8 30. Na5 Rc7 31. Bf1 Nd8 32. a4 Bd5 33. Bc4 Bxc4 34. Nxc4
Ne6 35. Nb6 Kg7 36. Qc4 Re8 37. Rcd3 Nf8 38. e6 Kh6 39. Re3 Qf6 40. Re5 Rce7 41.
Nd7 Qg7 42. Qe2 Rd8 43. g4 a5 44. g5# 1-0

[Event "29th Avoine Open 2014"]
[Site "Avoine FRA"]
[Date "2014.07.25"]
[Round "7.16"]
[White "Okhotnik, Vladimir"]
[Black "Fruteau, Sabine"]
[Result "0-1"]
[WhiteTitle "GM"]
[BlackTitle "WFM"]
[WhiteElo "2396"]
[BlackElo "2065"]
[WhiteFideId "14101289"]
[BlackFideId "601942"]
[EventDate "2014.07.19"]

1. d4 Nf6 2. Nf3 e6 3. Bf4 b6 4. e3 Bb7 5. Nbd2 Be7 6. h3 d6 7. Bd3 Nbd7 8. c3
O-O 9. Qe2 c5 10. Ba6 Bxa6 11. Qxa6 Qc7 12. a4 e5 13. dxe5 dxe5 14. Bh2 Nb8 15.
Qe2 Nc6 16. O-O Rfe8 17. Nc4 Bf8 18. e4 Qb7 19. Rfe1 Nd7 20. Rad1 a6 21. Rxd7
Qxd7 22. Nxb6 Qc7 23. Nxa8 Rxa8 24. Qc2 Rb8 25. b4 Qd6 26. b5 Na5 27. Qa2 Re8
28. bxa6 Qxa6 29. Nxe5 c4 30. Qd2 Bd6 31. Nf3 Bc5 32. Qd7 Rf8 33. Bg3 h6 34. e5
Qe6 35. Qb5 Nb3 36. Re4 Rc8 37. Kh2 Bb6 38. Nd4 Bxd4 39. cxd4 Qf5 40. Rf4 Qg6
41. Qb7 Rf8 42. Qb5 Rc8 43. d5 c3 44. Qb7 Rc5 45. e6 fxe6 46. Rg4 Qf7 47. Qxb3
exd5 48. Qc2 Qe6 49. Rd4 Qf6 50. Rf4 Qe6 51. Rb4 Rc8 52. a5 Qa6 53. Be5 0-1

[Event "29th Avoine Open 2014"]
[Site "Avoine FRA"]
[Date "2014.07.25"]
[Round "7.17"]
[White "Flick, Antoine"]
[Black "Manea, Alexandru"]
[Result "0-1"]
[BlackTitle "IM"]
[WhiteElo "2056"]
[BlackElo "2373"]
[WhiteFideId "26025736"]
[BlackFideId "1207660"]
[EventDate "2014.07.19"]

1. d4 f5 2. Bg5 g6 3. Nd2 Bg7 4. e3 Nc6 5. c3 d6 6. Ngf3 h6 7. Bh4 g5 8. Bg3 e5
9. h3 Qe7 10. Be2 Bd7 11. Qb3 Rb8 12. Qa3 e4 13. Ng1 Nf6 14. h4 g4 15. Bd1 b5
16. b4 a5 17. bxa5 b4 18. Qc1 bxc3 19. Qxc3 Nd5 20. Qc4 Ncb4 21. Ne2 Be6 22.
Ba4+ Kf7 23. O-O f4 24. Bb3 fxg3 25. fxg3+ Nf6 26. Qxe6+ Qxe6 27. Nf4 Qxb3 28.
axb3 Rhe8 29. Rac1 Rb7 30. Nc4 Ke7 31. Ra1 Na6 32. Nd2 Kd7 33. Ng6 Rb5 34. Rf4
Kc8 35. Raf1 Nd5 0-1

[Event "29th Avoine Open 2014"]
[Site "Avoine FRA"]
[Date "2014.07.25"]
[Round "7.18"]
[White "Secouard, Stephane"]
[Black "Perrin, Guillaume"]
[Result "0-1"]
[BlackTitle "FM"]
[WhiteElo "2038"]
[BlackElo "2294"]
[WhiteFideId "618080"]
[BlackFideId "616931"]
[EventDate "2014.07.19"]

1. e4 c5 2. b3 e6 3. Bb2 d5 4. exd5 exd5 5. Bb5+ Bd7 6. Qe2+ Qe7 7. Nc3 Nf6 8.
Bxd7+ Nbxd7 9. Nb5 Kd8 10. Qxe7+ Bxe7 11. Nf3 a6 12. Na3 b5 13. O-O Bd6 14. Rae1
Kc7 15. Nb1 b4 16. d3 a5 17. a4 Rhe8 18. Nbd2 Bf4 19. Rxe8 Rxe8 20. Rd1 Ng4 21.
Kf1 Bxh2 22. Re1 Rxe1+ 23. Kxe1 Be5 24. Nxe5 Ngxe5 25. d4 cxd4 26. Bxd4 f6 27.
Ke2 Kd6 28. Nf3 Nxf3 29. Kxf3 Ne5+ 30. Ke3 Nc6 31. Bb2 h5 32. Kf3 Ke6 33. Kg3
Kf5 34. Kf3 g5 35. Ke3 h4 36. f3 Ke6 37. Ba1 f5 38. Bg7 d4+ 39. Kf2 Ne5 40. Ke2
g4 41. f4 h3 42. gxh3 gxh3 43. Kf2 h2 44. Kg2 Nf3 45. Bf8 Ne1+ 46. Kxh2 Nxc2 47.
Kg2 Na1 48. Kf2 Kd5 49. Ke2 Nxb3 0-1

[Event "29th Avoine Open 2014"]
[Site "Avoine FRA"]
[Date "2014.07.25"]
[Round "7.19"]
[White "Amarger, Vincent"]
[Black "Bouget, Alexandre"]
[Result "1/2-1/2"]
[BlackTitle "FM"]
[WhiteElo "2035"]
[BlackElo "2287"]
[WhiteFideId "646849"]
[BlackFideId "681318"]
[EventDate "2014.07.19"]

1. e4 e5 2. Nf3 Nc6 3. Bc4 Nf6 4. Ng5 d5 5. exd5 b5 6. Bf1 h6 7. Nf3 Qxd5 8. Nc3
Qd6 9. Bxb5 a6 10. Ba4 Bb7 11. O-O O-O-O 12. Re1 g5 13. d3 Bg7 14. Nd2 Nd5 15.
Nde4 Qf8 16. Nxd5 Rxd5 17. b4 Qxb4 18. c4 Rxd3 19. Bd2 Qa3 20. Qg4+ Kb8 21. Bxc6
Bxc6 22. Rab1+ Ka8 23. Be3 Qe7 24. Rb3 Rxb3 25. axb3 Qa3 26. Nc5 Re8 27. Qf5 Bf8
28. Qxf7 Bd6 1/2-1/2

[Event "29th Avoine Open 2014"]
[Site "Avoine FRA"]
[Date "2014.07.25"]
[Round "7.21"]
[White "Vekemans, Denis"]
[Black "Le Corre, Benjamin"]
[Result "0-1"]
[BlackTitle "FM"]
[WhiteElo "1963"]
[BlackElo "2272"]
[WhiteFideId "615846"]
[BlackFideId "639605"]
[EventDate "2014.07.19"]

1. e4 c5 2. Ne2 Nc6 3. g3 g6 4. Bg2 Bg7 5. O-O d6 6. d3 e5 7. c3 Nge7 8. f4 O-O
9. Nd2 d5 10. Nf3 d4 11. h3 f6 12. g4 exf4 13. Bxf4 Be6 14. cxd4 Nxd4 15. Nexd4
cxd4 16. Qa4 Nc6 17. Qb5 Qd7 18. a3 Rf7 19. Rac1 Rc8 20. Kh1 h6 21. Bh2 Rcf8 22.
Qc5 Kh7 23. b4 a6 24. Qb6 f5 25. exf5 gxf5 26. g5 Bd5 27. g6+ Kxg6 28. Rc5 Be6
29. Re1 f4 30. Nh4+ Kh7 31. Be4+ Kg8 32. Ng6 f3 33. Nxf8 f2 34. Rf1 Bxf8 35.
Rxc6 bxc6 36. Qxc6 Qxc6 37. Bxc6 Bxh3 38. Bg2 Rf3 39. Bxf3 Bxf1 40. Bd5+ Kh8 41.
Bg3 Bxd3 42. Bxf2 Bg7 43. Be1 Bf6 44. Kg2 Bc2 45. Bc4 d3 46. Bxa6 Bg5 47. Bb7 d2
48. Bxd2 Bxd2 49. Kh1 Bc1 50. Ba8 Ba4 51. Bb7 Bxa3 52. Ba8 Bxb4 53. Bb7 Kg7 54.
Ba8 Kf6 55. Bb7 Kg5 56. Ba8 h5 57. Bb7 Kg4 58. Ba8 Kg3 59. Bb7 h4 60. Ba8 Bb5
61. Bb7 h3 0-1

[Event "29th Avoine Open 2014"]
[Site "Avoine FRA"]
[Date "2014.07.25"]
[Round "7.22"]
[White "Le Huec, Marc"]
[Black "Mourgues, Jean-Marie"]
[Result "1/2-1/2"]
[WhiteElo "2267"]
[BlackElo "2019"]
[WhiteFideId "624829"]
[BlackFideId "616869"]
[EventDate "2014.07.19"]

1. d4 Nf6 2. c4 c5 3. d5 e5 4. Nc3 d6 5. e4 Be7 6. Bd3 O-O 7. h3 Ne8 8. Nf3 g6
9. Bh6 Ng7 10. g4 Nd7 11. Qc2 Nf6 12. O-O-O a6 13. Rdg1 Bd7 14. Nd2 Kh8 15. Be3
Ng8 16. f4 f6 17. h4 exf4 18. Bxf4 Rb8 19. Be3 b5 20. h5 g5 21. h6 Ne8 22. e5
fxe5 23. Bxh7 Ngf6 24. Bf5 b4 25. Ne2 Bxf5 26. gxf5 Nh7 27. Ng3 Nef6 28. Qd1 Rb7
29. Qf3 a5 30. Ne2 Rg8 31. Rg2 Qf8 32. Ng3 a4 33. Kb1 a3 34. b3 Bd8 35. Kc1 Rf7
36. Rgh2 Rd7 37. Qe2 Re7 38. Rf1 Rf7 39. Rhh1 Rd7 40. Kd1 Rf7 1/2-1/2

[Event "29th Avoine Open 2014"]
[Site "Avoine FRA"]
[Date "2014.07.25"]
[Round "7.23"]
[White "Kambrath, Yannick"]
[Black "Henno, Francois"]
[Result "1-0"]
[WhiteTitle "FM"]
[WhiteElo "2259"]
[BlackElo "2004"]
[WhiteFideId "20632525"]
[BlackFideId "636576"]
[EventDate "2014.07.19"]

1. d4 Nf6 2. c4 e6 3. Nc3 Bb4 4. e3 b6 5. Ne2 Ba6 6. a3 Bxc3+ 7. Nxc3 d5 8. b3
O-O 9. Bd3 dxc4 10. bxc4 Nc6 11. a4 Na5 12. Ba3 Re8 13. Nb5 Nb7 14. O-O c6 15.
Qe2 Qd7 16. Rad1 Bxb5 17. cxb5 Rec8 18. bxc6 Qxc6 19. Ba6 Qd5 20. Rc1 Rxc1 21.
Rxc1 Nd6 22. Qd3 h5 23. f3 Nf5 24. Bb5 Rd8 25. Rc4 Nh4 26. Qe2 Qg5 27. Bc1 Nd5
28. Qf2 e5 29. Qg3 Qxg3 30. hxg3 Ng6 31. e4 Nf6 32. d5 Nd7 33. Be3 Ngf8 34. Rc7
a5 35. Rb7 Nc5 36. Rxb6 Rc8 37. Bc6 Rxc6 38. dxc6 1-0

[Event "29th Avoine Open 2014"]
[Site "Avoine FRA"]
[Date "2014.07.25"]
[Round "7.24"]
[White "Gerard, Nicolas"]
[Black "Afraoui, Solenn"]
[Result "1-0"]
[WhiteTitle "FM"]
[WhiteElo "2251"]
[BlackElo "1985"]
[WhiteFideId "605000"]
[BlackFideId "625167"]
[EventDate "2014.07.19"]

1. d4 Nf6 2. c4 c5 3. d5 b5 4. cxb5 a6 5. e3 Bb7 6. Nc3 Qa5 7. Bd2 axb5 8. Bxb5
Qb6 9. Bc4 e6 10. e4 Nxe4 11. Nf3 Nf6 12. Qe2 Be7 13. Bg5 h6 14. Bxf6 Bxf6 15.
Rd1 O-O 16. O-O Ba6 17. Rd2 Bxc4 18. Qxc4 Qb4 19. Qd3 e5 20. a3 Qb6 21. Ne4 Re8
22. Rc1 Na6 23. d6 Bd8 24. Qd5 Bf6 25. Nxf6+ gxf6 26. Nh4 Qc6 27. Qxc6 dxc6 28.
Nf5 Kh7 29. Ne7 Rad8 30. Nxc6 Rd7 31. b4 cxb4 32. axb4 Nb8 33. b5 Rb7 34. Nxb8
Rbxb8 35. Kf1 Rxb5 36. d7 Rd8 37. Rc8 1-0

[Event "29th Avoine Open 2014"]
[Site "Avoine FRA"]
[Date "2014.07.25"]
[Round "7.25"]
[White "Frick, Christoph"]
[Black "Gros, Patrick"]
[Result "1/2-1/2"]
[WhiteElo "2246"]
[BlackElo "1984"]
[WhiteFideId "4607090"]
[BlackFideId "611948"]
[EventDate "2014.07.19"]

1. e4 d6 2. Nc3 c6 3. g3 Nf6 4. Bg2 e5 5. d3 Be7 6. Nge2 d5 7. O-O dxe4 8. dxe4
O-O 9. h3 Na6 10. Be3 Qc7 11. Nc1 Be6 12. Nd3 Rfd8 13. Qe2 Bc4 14. b3 Bxd3 15.
cxd3 Bc5 16. Rac1 Bxe3 17. fxe3 Qd6 18. Rcd1 Qb4 19. Qc2 Qc5 20. Qd2 Rd6 21. Na4
Qb5 22. d4 Rad8 23. Rf5 g6 24. Nc3 Qa5 25. Rxf6 Rxf6 26. Nd5 Rxd5 27. exd5 Qxd2
28. Rxd2 exd4 29. exd4 cxd5 30. Bxd5 b6 31. Kg2 Nc7 32. Bc4 Kf8 33. Be2 Nd5 34.
Bf3 Rd6 35. a3 a5 36. Kf2 Ke7 37. Rc2 Kd7 1/2-1/2

[Event "29th Avoine Open 2014"]
[Site "Avoine FRA"]
[Date "2014.07.25"]
[Round "7.26"]
[White "Purenne, Benoit"]
[Black "Ginovart, Axel"]
[Result "1-0"]
[WhiteElo "2225"]
[BlackElo "1967"]
[WhiteFideId "602337"]
[BlackFideId "676845"]
[EventDate "2014.07.19"]

1. Nf3 Nf6 2. d4 g6 3. g3 b6 4. c4 Bg7 5. Nc3 Bb7 6. d5 O-O 7. Bg2 d6 8. O-O
Nbd7 9. Nd4 Rc8 10. b3 Nb8 11. Ndb5 c6 12. Nxa7 cxd5 13. Nxc8 Ne4 14. Nxe4 Bxa1
15. Nxe7+ Qxe7 16. cxd5 f5 17. Bg5 Qd7 18. Nxd6 1-0